000 00423nam a22001697a 4500
003 Ost
005 20140310182232.0
008 121116t xxu||||| |||| 00| 0 eng d
020 _a0553241680
050 _aPZ 7
_b.D578 1993
082 _aFIC D64hc
_b1990
245 _aStar Trek:
_bemissary\
_cby Joe Haldeman
260 _aNew York
_bBantam
_cc1995.
300 _a274 p .:
_c18 cm.
942 _2lcc
_cBK-FIC
999 _c10943
_d10943